• 首页
  • 本馆介绍
  • 公告通知
  • 最新文献
  • 馆藏检索
  • 电子资源
  • 读者导购
  • 参考咨询
  • 我的图书馆
  • 登录
  • 详细信息显示
  • 放入我的书架
  • 预约/预借图书
  • 作者相关作品
  • 分类相关作品
  • 丛书相关作品
  • 出版社相关作品

书目信息

  • 表格格式
  • 工作单格式
  • 卡片格式
书名: Mathematics, the man made universe
作者: Sherman K. Stein.
分册号:
分册名:
出版地: San Francisco :
 
出版社: W. H. Freeman
出版时间: c1976.
页数: xv, 573 p. :
开本: 24 cm.
丛书名:
中图分类号:
科图分类号:
其他分类号: O1:H31
主题词:
电子资源:
000 00643nam 22000229i 450 9
001 0298373892
005 20070228100811.73
008 750804m1976 u y a b 001 0
020    @a071670465X. :@cCNY4.40.
041    @aeng
050    @aQA39.2@b.S74 1976
082 04 @a510
090    @aO1
090    @aO1:H31
099    @dO1:H31@ex73
100 1  @aStein@cSherman K.
245 10 @aMathematics, the man made universe / @cSherman K. Stein.
250    @a3d ed.
260 1  @aSan Francisco :@bW. H. Freeman,@cc1976.
300    @axv, 573 p. :@bill. ;@c24 cm.
504    @aIncludes bibliographical references and index.
650  4 @aMathematics.
    
    Mathematics, the man made universe / / Sherman K. Stein.-3d ed.-San Francisco : : W. H. Freeman, , c1976.
    xv, 573 p. : : ill. ; ; 24 cm.
    Includes bibliographical references and index.
    
    ISBN 071670465X. :CNY4.40.
    
●
相关链接 在E读中查询图书 在五车中查询图书 在当当中查询图书 在豆瓣中查询图书


正题名:Mathematics, the man made universe     索取号:O1:H31/x73         预约/预借

序号 登录号 条形码 馆藏地/架位号 状态 备注
1 49230   000453556   第四借阅区/ [索取号:O1:H31/x73] 在馆    
2 49231   000453592   第四借阅区/ [索取号:O1:H31/x73] 在馆    
唐山师范学院图书馆 欢迎您!
大连网信软件有限公司© 版权所有